Statistics for Comedy Movies

Click here to take the quiz!

General Stats

  • This quiz has been taken 12 times
  • The average score is 5 of 109

Answer Stats

HintAnswer% Correct
1994Dumb & Dumber
60%
2009The Hangover
60%
1999American Pie
50%
1983Trading Places
30%
1980Airplane!
20%
2001American Pie 2
20%
2004Anchorman: The Legend of Ron Burgundy
20%
1974Blazing Saddles
20%
1980Caddyshack
20%
1988Coming to America
20%
1984Ghostbusters
20%
1978National Lampoon's Animal House
20%
2008Step Brothers
20%
2007Superbad
20%
2005Wedding Crashers
20%
2003American Wedding
10%
1997Austin Powers: International Man of Mystery
10%
1993Groundhog Day
10%
2007Knocked Up
10%
2014Neighbors
10%
2008Pineapple Express
10%
1987Planes, Trains and Automobiles
10%
1959Some Like It Hot
10%
2005The 40-Year-Old Virgin
10%
1980The Blues Brothers
10%
1979The Jerk
10%
1963The Pink Panther
10%
201221 Jump Street
0%
201422 Jump Street
0%
1983A Christmas Story
0%
2009Adventureland
0%
1988A Fish Called Wanda
0%
2013A Haunted House
0%
2005American Pie Presents: Band Camp
0%
2007American Pie Presents: Beta House
0%
2020American Pie Presents: Girls Rules
0%
2009American Pie Presents: The Book of Love
0%
2006American Pie Presents: The Naked Mile
0%
2012American Reunion
0%
2014A Million Ways to Die in the West
0%
2013Anchorman 2: The Legend Continues
0%
2013Bad Grandpa
0%
1986Big Trouble in Little China
0%
2006Borat
0%
2003Bruce Almighty
0%
1994Clerks
0%
2016Deadpool
0%
2018Deadpool 2
0%
2003Elf
0%
2022Everything Everywhere All at Once
0%
2008Forgetting Sarah Marshall
0%
2010Get Him to the Greek
0%
1989Ghostbusters 2
0%
2007Hot Fuzz
0%
2010Hot Tub Time Machine
0%
2015Hot Tub Time Machine 2
0%
2006Jackass 2
0%
2010Jackass 3
0%
2022Jackass Forever
0%
2002Jackass the Movie
0%
2012John Dies at the End
0%
1975Monty Python and the Holy Grail
0%
1979Monty Python's Life of Brian
0%
1983Monty Python's The Meaning of Life
0%
2004Napoleon Dynamite
0%
1989National Lampoon's Christmas Vacation
0%
2016Neighbors 2: Sorority Rising
0%
2021Nobody
0%
2000O Brother, Where Art Thou?
0%
2009Observe and Report
0%
1999Office Space
0%
2011Paul
0%
2012Project X
0%
1987Raising Arizona
0%
2006RV
0%
2003School of Rock
0%
2010Scott Pilgrim vs. the World
0%
2008Sex Drive
0%
2004Shaun of the Dead
0%
2001Shrek
0%
2004Shrek 2
0%
2000Snatch
0%
1987Spaceballs
0%
2001Super Troopers
0%
2006Talladega Nights: The Ballad of Ricky Bobby
0%
2006The Benchwarmers
0%
1998The Big Lebowski
0%
2017The Disaster Artist
0%
1985The Goonies
0%
2011The Green Hornet
0%
2014The Interview
0%
2009The Men Who Stare at Goats
0%
1988The Naked Gun
0%
2015The Night Before
0%
2010The Other Guys
0%
2008The Rocker
0%
2011The Sitter
0%
2013The World's End
0%
1984This is Spinal Tap
0%
2013This is the End
0%
2008Tropic Thunder
0%
2010Tucker & Dale vs. Evil
0%
1978Up in Smoke
0%
1980Used Cars
0%
2014What We Do in the Shadows
0%
2008You Don't Mess with the Zohan
0%
1974Young Frankenstein
0%
2008Zack and Miri Make a Porno
0%
2009Zombieland
0%

Score Distribution

Percentile by Number Answered

Percent of People with Each Score

Your Score History

You have not taken this quiz